000 01147nam a22003617a 4500
003 CHAP
005 20220817044353.0
008 100902s2006 it a rn 00010 eng d
010 _a99173
011 _a100145
020 _a9789252051695
035 _a110831
040 _cCHAP
082 0 4 _a636.085
_bF21fEst. v.163
110 2 _aFAO
245 1 0 _aInfections au VIH et zoonoses
_c/par FAO
260 _aRome :
_bFAO,
_c2007
300 _a31 p.
490 0 _aFAO. Producción y sanidad animal. Estudio
_v; 163
590 _aBATCH-UPD
_b10
_c20130110
_lUCH01
_h1558
590 _aBATCH-UPD
_b10
_c20130410
_lUCH01
_h0955
590 _aBATCH-UPD
_b10
_c20130914
_lUCH01
_h1308
590 _aCONVERSION
_b10
_c20130109
_lUCH01
_h1355
650 1 4 _aEnfermedades infecciosas en animales.
_936936
650 1 4 _aEnfermedades por virus.
_936940
650 1 4 _aSIDA (Enfermedad)
_9105806
650 1 4 _aZoonosis.
_9124194
700 1 _aPasquali, P.
_985876
830 0 _aFAO. Producción y sanidad animal. Estudio
_v; 163
_939660
901 _aBK
942 _cLIBRO
949 _a636.08 F21fEst. v.163
_bBC
_cFAO
_d33724002087694
_eFAO1
_h113352
_i110831
_sb
999 _c99173
_d99173